<?xml version="1.0" encoding="UTF-8"?>
<record
    xmlns:xsi="http://www.w3.org/2001/XMLSchema-instance"
    xsi:schemaLocation="http://www.loc.gov/MARC21/slim http://www.loc.gov/standards/marcxml/schema/MARC21slim.xsd"
    xmlns="http://www.loc.gov/MARC21/slim">

  <leader>01772cam a22003255i 4500</leader>
  <datafield tag="999" ind1=" " ind2=" ">
    <subfield code="c">27809</subfield>
    <subfield code="d">27780</subfield>
  </datafield>
  <controlfield tag="001">17220737</controlfield>
  <controlfield tag="003">EG-ScBUE</controlfield>
  <controlfield tag="005">20191204105239.0</controlfield>
  <controlfield tag="008">120321s2013    enka   f b    001 0 eng d</controlfield>
  <datafield tag="020" ind1=" " ind2=" ">
    <subfield code="a">9781444335842 (pbk.)</subfield>
  </datafield>
  <datafield tag="040" ind1=" " ind2=" ">
    <subfield code="a">DLC</subfield>
    <subfield code="b">eng</subfield>
    <subfield code="e">rda</subfield>
    <subfield code="c">DLC</subfield>
    <subfield code="d">DLC</subfield>
    <subfield code="d">EG-ScBUE</subfield>
  </datafield>
  <datafield tag="082" ind1="0" ind2="4">
    <subfield code="a">410.721</subfield>
    <subfield code="b">RES</subfield>
    <subfield code="2">22</subfield>
  </datafield>
  <datafield tag="245" ind1="0" ind2="0">
    <subfield code="a">Research methods in clinical linguistics and phonetics :</subfield>
    <subfield code="b">a practical guide /</subfield>
    <subfield code="c">edited by Nicole Muller, Martin J. Ball.</subfield>
  </datafield>
  <datafield tag="264" ind1=" " ind2="1">
    <subfield code="a">Chicester, West Sussex :</subfield>
    <subfield code="b">Wiley Blackwell / John Wiley and Sons Publication,</subfield>
    <subfield code="c">2013.</subfield>
  </datafield>
  <datafield tag="300" ind1=" " ind2=" ">
    <subfield code="a">xii, 318 pages :</subfield>
    <subfield code="b">illustrations ;</subfield>
    <subfield code="c">25 cm.</subfield>
  </datafield>
  <datafield tag="336" ind1=" " ind2=" ">
    <subfield code="a">text</subfield>
    <subfield code="b">txt</subfield>
    <subfield code="2">rdacontent</subfield>
  </datafield>
  <datafield tag="337" ind1=" " ind2=" ">
    <subfield code="a">unmediated</subfield>
    <subfield code="b">n</subfield>
    <subfield code="2">rdamedia</subfield>
  </datafield>
  <datafield tag="338" ind1=" " ind2=" ">
    <subfield code="a">volume</subfield>
    <subfield code="b">nc</subfield>
    <subfield code="2">rdacarrier</subfield>
  </datafield>
  <datafield tag="490" ind1="0" ind2=" ">
    <subfield code="a">Guides to research methods in language and linguistics.</subfield>
  </datafield>
  <datafield tag="504" ind1=" " ind2=" ">
    <subfield code="a">Includes bibliographical references and index.</subfield>
  </datafield>
  <datafield tag="520" ind1=" " ind2=" ">
    <subfield code="a">The only volume to offer hands-on information about the wide range of research philosophies, methods and tools used across linguistics, phonetics, and speech science, as applied to disordered speech and language. Covers core topics for students undertaking their own research, including experimental and qualitative methods, sociolinguistics, corpus construction and analysis, data recording, transcription and digital analysis of speech, and speech imaging. Considers the research ethics associated with working with people who have speech, language or other communication diffic.</subfield>
  </datafield>
  <datafield tag="650" ind1=" " ind2="7">
    <subfield code="a">Speech disorders.</subfield>
    <subfield code="2">BUEsh</subfield>
  </datafield>
  <datafield tag="650" ind1=" " ind2="7">
    <subfield code="a">Communicative disorders.</subfield>
    <subfield code="2">BUEsh</subfield>
  </datafield>
  <datafield tag="650" ind1=" " ind2="7">
    <subfield code="a">Language disorders.</subfield>
    <subfield code="2">BUEsh</subfield>
  </datafield>
  <datafield tag="653" ind1=" " ind2=" ">
    <subfield code="b">HHUUEENN</subfield>
    <subfield code="c">November2019</subfield>
  </datafield>
  <datafield tag="655" ind1=" " ind2=" ">
    <subfield code="v">Reading book</subfield>
  </datafield>
  <datafield tag="700" ind1="1" ind2=" ">
    <subfield code="a">M&#xFC;ller, Nicole,</subfield>
    <subfield code="d">1963-</subfield>
    <subfield code="e">editor.</subfield>
  </datafield>
  <datafield tag="700" ind1="1" ind2=" ">
    <subfield code="a">Ball, Martin J.</subfield>
    <subfield code="q">(Martin John)</subfield>
    <subfield code="e">editor.</subfield>
  </datafield>
  <datafield tag="942" ind1=" " ind2=" ">
    <subfield code="2">ddc</subfield>
    <subfield code="c">BB</subfield>
  </datafield>
  <datafield tag="952" ind1=" " ind2=" ">
    <subfield code="0">0</subfield>
    <subfield code="1">0</subfield>
    <subfield code="2">ddc</subfield>
    <subfield code="4">0</subfield>
    <subfield code="7">0</subfield>
    <subfield code="8">Baccah</subfield>
    <subfield code="a">MAIN</subfield>
    <subfield code="b">MAIN</subfield>
    <subfield code="c">2ND</subfield>
    <subfield code="d">2019-11-23</subfield>
    <subfield code="e">Purchase</subfield>
    <subfield code="g">360.00</subfield>
    <subfield code="l">0</subfield>
    <subfield code="o">410.721 RES</subfield>
    <subfield code="p">000048291</subfield>
    <subfield code="r">2025-07-15 00:00:00</subfield>
    <subfield code="v">450.00</subfield>
    <subfield code="w">2019-11-23</subfield>
    <subfield code="y">BB</subfield>
  </datafield>
</record>
